000
00288nam a22001217a 4500
020
_a
0-07-054627-4
082
_a
658.403 SAN'C
100
_a
BIRKIN, S.J,SANDERS, D.H
_9
75044
245
_a
COMPUTER AND MANAGEMENT
260
_a
NEWYORK
_b
MCGRAW HILL
_c
1980
300
_a
490P
942
_c
BK
999
_c
580536
_d
580536